000
00318 a2200157 4500
001
62569
020
_a
9788526021501
040
_c
Anchieta - Pituba
100
_a
Bandeira, Manuel
240
1
0
_a
Teadorar
_l
por
245
1
0
_a
Teadorar
300
_a
55
362
0
_a
2015
650
4
_a
Poesia portuguesa
942
_c
BK
999
_c
62569
_d
62569